Statistics for Name These Musical Artists

Click here to take the quiz!

General Stats

  • This quiz has been taken 14 times
  • The average score is 3 of 9

Answer Stats

Answer% Correct
Justin Bieber
100%
Shawn Mendes
57%
Machine Gun Kelly
36%
Travis Scott
36%
Jake Paul
29%
Lil Uzi Vert
29%
Nav
14%
Trippie Redd
14%
Ruel
7%

Score Distribution

Percentile by Number Answered

Percent of People with Each Score

Your Score History

You have not taken this quiz